Zákon o bezpečnosti a ochrane zdravia pri práci komentár

Na minha lista:
Detalhes bibliográficos
Autor principal: Paceková, Tamara
Formato: Livro
Idioma:eslovaco
Publicado em: Bratislava Wolters Kluwer 2014
Colecção:Komentáre
Assuntos:
Tags: Adicionar Tag
Sem tags, seja o primeiro a adicionar uma tag!

MARC

LEADER 00000nam a2200000 4500
001 0204320
005 20240318120932.6
020 |a 978-80-8168-091-5 
041 0 |a slo 
044 |a SK 
245 1 0 |a Zákon o bezpečnosti a ochrane zdravia pri práci  |b komentár  |c Tamara Paceková 
264 1 |a Bratislava  |b Wolters Kluwer  |c 2014 
300 |a 278 s. 
490 1 |a Komentáre 
830 0 |a Komentáre 
610 2 0 |a ochrana zdravia 
610 2 0 |a bezpečnosť práce 
610 2 0 |a právo pracovné 
610 2 0 |a zamestnanci 
610 2 0 |a zamestnávatelia 
100 1 |a Paceková, Tamara